تحميل...

Introduction to Quantitative Genetics

التفاصيل البيبلوغرافية
المؤلف الرئيسي: D S Falconer
التنسيق: Printed Book
اللغة:Undetermined
منشور في: England 1983
Longman
الطبعة:2
الموضوعات:
LEADER 00649nam a2200241Ia 4500
008 141122s9999 xx 000 0 und d
020 |a 582441951 
040 |c . 
041 |a English 
082 |a 576.5 
082 |b FAL/IN 
100 |a D S Falconer 
245 |a Introduction to Quantitative Genetics 
245 |c D S Falconer 
250 |a 2 
260 |b England 
260 |b Longman 
260 |c 1983 
300 |a 340 Pages 
650 |a Genetics 
942 |c BK 
999 |c 19964  |d 19964 
952 |0 0  |1 0  |4 0  |6 576_500000000000000_FALIN  |7 0  |9 19617  |a COVAS  |b COVAS  |d 0000-00-00  |l 25  |m 9  |o 576.5 FAL/IN  |p 13251  |r 2020-02-26  |s 2020-02-03  |w 2014-11-26  |y BK